006030000a220009700045001000019000002450056000193000054000755000032001295200299001617730045004601 aCerón, Jaime10aLo que Turner no sabía : El premio Turner de arte aVol.0, núm.2 (Noviembre, 2005), Páginas 26-27 aCurador y crítico de arte aEste 7 de diciembre se conocerá el ganador del premio más prestigioso de las artes británicas, el premio Turner. Polémico desde su creación en 1984, los críticos señalan que ha propiciado interesantes debates; la prensa en cambio, no se ha ahorrado la caricatura: ¿Es esto arte?0 tArcadia / Andrés Felipe Solano, Editor